<?xml version="1.0" encoding="UTF-8"?>
<marc:record xmlns:marc="http://www.loc.gov/MARC21/slim">
   <marc:leader>00000nam a2200000 a 4500</marc:leader>
   <marc:datafield ind1="1" ind2=" " tag="100">
      <marc:subfield code="a">Jecker Lambreva, Evelina</marc:subfield>
      <marc:subfield code="4">aut</marc:subfield>
      <marc:subfield code="e">Verfasser/-in</marc:subfield>
   </marc:datafield>
   <marc:datafield ind1=" " ind2=" " tag="653">
      <marc:subfield code="a">Softcover / Belletristik/Gegenwartsliteratur (ab 1945)</marc:subfield>
   </marc:datafield>
   <marc:datafield ind1=" " ind2=" " tag="653">
      <marc:subfield code="a">Erzählende Literatur: Gegenwartsliteratur ab 1945</marc:subfield>
   </marc:datafield>
   <marc:datafield ind1="0" ind2="0" tag="245">
      <marc:subfield code="a">Im Namen des Kindes</marc:subfield>
   </marc:datafield>
   <marc:datafield ind1="0" ind2="0" tag="245">
      <marc:subfield code="c">Evelina Jecker Lambreva</marc:subfield>
   </marc:datafield>
   <marc:datafield ind1=" " ind2="1" tag="264">
      <marc:subfield code="a">Wien</marc:subfield>
      <marc:subfield code="b">Braumüller Verlag</marc:subfield>
      <marc:subfield code="c">2022</marc:subfield>
   </marc:datafield>
   <marc:datafield ind1="1" ind2=" " tag="520">
      <marc:subfield code="a">Angaben aus der Verlagsmeldung

Im Namen des Kindes / von Evelina Jecker Lambreva

Nach dem Verschwinden einer jungen Frau wird die ehemalige Sozialarbeiterin und Mitarbeiterin einer Opferberatungsstelle in eine Reihe merkwürdiger Ereignisse verstrickt. Erst verunglückt ein bekannter Gynäkologe tödlich, dann wird ein Psychiater ermordet. Es scheint, als hätte die verschwundene Rebecca etwas mit den Todesfällen zu tun. Magdalena beginnt in ihrer Vergangenheit zu graben und stößt auf ein prominentes Paar, das vor vielen Jahren um jeden Preis ein Kind haben wollte. In Evelina Jecker Lambrevas neuem Roman zeigt sich, dass Kinderwunsch und Kindeswohl auch im Widerspruch zueinander stehen können. Bei allen Chancen, die die künstliche Befruchtung bietet, bringt sie dennoch ethische Probleme mit sich, die im schlimmsten Falle zu einer Katastrophe führen können.
</marc:subfield>
   </marc:datafield>
   <marc:datafield ind1=" " ind2=" " tag="020">
      <marc:subfield code="a">9783992003273</marc:subfield>
      <marc:subfield code="9">9783992003273</marc:subfield>
   </marc:datafield>
   <marc:datafield ind1=" " ind2=" " tag="020">
      <marc:subfield code="a">3992003272</marc:subfield>
      <marc:subfield code="9">3992003272</marc:subfield>
   </marc:datafield>
   <marc:datafield ind1=" " ind2=" " tag="041">
      <marc:subfield code="a">ger</marc:subfield>
   </marc:datafield>
   <marc:datafield ind1=" " ind2=" " tag="300">
      <marc:subfield code="a">280 Seiten</marc:subfield>
   </marc:datafield>
</marc:record>
